| 000 | 00930cam a2200277 4500 | ||
|---|---|---|---|
| 001 | J92280 | ||
| 008 | 090401t1998 xxu||||| |||| 00| 0 eng d | ||
| 020 | _a1851120696 | ||
| 035 | _a(Sirsi) u86797 | ||
| 041 | _aeng | ||
| 050 | _a711.1 | ||
| 110 |
_aUnited Kingdom _bDepartment of the Environment, Transport and the Regions _93507 |
||
| 245 | _aPlanning and development briefs: a guide to better practice. | ||
| 260 |
_aLondon _bDETR _c1998 |
||
| 300 | _a43p. ; 30cm. | ||
| 350 | _a12 | ||
| 490 | _aPlanning Research Programme | ||
| 520 | _aAvailable on the Internet at http://www.planning.detr.gov.uk/prp/index.htm. Prepared by Llewelyn-Davies with Drivers Jonas. | ||
| 650 | _aDEVELOPMENT BRIEFS | ||
| 690 | _aPLANNING LAW AND PRACTICE | ||
| 710 |
_aLlewelyn-Davies _93592 |
||
| 710 |
_aDrivers Jonas _91941 |
||
| 856 | _uhttps://www.communities.gov.uk/index.asp?id=1144662 | ||
| 942 | _n0 | ||
| 948 | _c12/06/1998 | ||
| 999 |
_c97171 _d97171 |
||